| 000 | 00604nam a2200193Ia 4500 | ||
|---|---|---|---|
| 003 | GCL | ||
| 008 | 140319s9999 xx 000 0 ara d | ||
| 040 |
_aGCL / _cGCL |
||
| 082 | 0 | 4 |
_a346.07 _bاا |
| 100 | 1 | _aاحمد محمد محرز | |
| 245 | 1 | 0 |
_aاندماج الشركات من الوجهة القانونية: دراسة مقارنة / _cاحمد محمد محرز |
| 260 |
_a[S.N] : _bدار النهضة العربية ، _c1986 |
||
| 300 | _a336 ص | ||
| 490 | _a | ||
| 650 | 0 | 4 | _aالقانون |
| 650 | 0 | 4 | _aالقانون التجارى |
| 650 | 0 | 4 | _aالشركات |
| 942 |
_2ddc _cBK |
||
| 999 |
_c53959 _d53959 |
||